TB. OF GYNAECOLOGY CONTRACEPTION (Record no. 2181)

MARC details
000 -LEADER
fixed length control field 00347nam a2200145Ia 4500
008 - FIXED-LENGTH DATA ELEMENTS--GENERAL INFORMATION
fixed length control field 150201s2013 xx 000 0 und d
082 ## - DEWEY DECIMAL CLASSIFICATION NUMBER
Classification number 610.7367
Item number G13D
100 ## - MAIN ENTRY--PERSONAL NAME
Personal name DUTTA, D.C.
245 ## - TITLE STATEMENT
Title TB. OF GYNAECOLOGY CONTRACEPTION
250 ## - EDITION STATEMENT
Edition statement 6TH
260 ## - PUBLICATION, DISTRIBUTION, ETC. (IMPRINT)
Name of publisher, distributor, etc. NCBA
Place of publication, distribution, etc. LONDON
Date of publication, distribution, etc. 2013
300 ## - PHYSICAL DESCRIPTION
Extent 656
650 ## - SUBJECT ADDED ENTRY--TOPICAL TERM
Topical term or geographic name as entry element OBST. & GYNEA.
942 ## - ADDED ENTRY ELEMENTS (KOHA)
Source of classification or shelving scheme Dewey Decimal Classification
Koha item type Books
Koha issues (borrowed), all copies 4
Holdings
Withdrawn status Lost status Source of classification or shelving scheme Damaged status Not for loan Collection code Home library Current library Shelving location Date acquired Source of acquisition Cost, normal purchase price SGTU Bill Number Total Checkouts Full call number Barcode Date last seen Date last checked out Bill Date Koha item type Total Renewals
    Dewey Decimal Classification     NURSING SGT Medical Library SGT Medical Library Text Book 04/12/2014 ABC DELHI 750.00 SGTU 4559 1 610.7367 G13D FN1461 30/09/2020 07/09/2020 04/12/2014 Books  
    Dewey Decimal Classification     NURSING SGT Medical Library SGT Medical Library Text Book 04/12/2014 ABC DELHI 750.00 SGTU 4559   610.7367 G13D FN1462 09/02/2015   04/12/2014 Books  
    Dewey Decimal Classification     NURSING SGT Medical Library SGT Medical Library Text Book 04/12/2014 ABC DELHI 750.00 SGTU 4559 7 610.7367 G13D FN1463 11/02/2026 11/02/2026 04/12/2014 Books 1
    Dewey Decimal Classification     NURSING SGT Medical Library SGT Medical Library Text Book 04/12/2014 ABC DELHI 750.00 SGTU 4559 14 610.7367 G13D FN1464 11/05/2023 06/05/2023 04/12/2014 Books  
    Dewey Decimal Classification     NURSING SGT Medical Library SGT Medical Library Text Book 04/12/2014 ABC DELHI 750.00 SGTU 4559 14 610.7367 G13D FN1465 06/11/2025 13/10/2025 04/12/2014 Books 1